Govt. of
Madhya Pradesh

Pt.Madan Mohan Malaviya (Record no. 65993)

MARC details
000 -LEADER
fixed length control field 00262nam a22001097a 4500
082 ## - DEWEY DECIMAL CLASSIFICATION NUMBER
Classification number 920/MIS
100 ## - MAIN ENTRY--AUTHOR NAME
Personal name Mishra,Dr.Saroj Kr.
245 ## - TITLE STATEMENT
Title Pt.Madan Mohan Malaviya
260 ## - PUBLICATION, DISTRIBUTION, ETC. (IMPRINT)
Place of publication Delhi
Name of publisher GS Publisher Distributors
Year of publication 2017
650 ## - SUBJECT ADDED ENTRY--TOPICAL TERM
Topical Term Biography
942 ## - ADDED ENTRY ELEMENTS (KOHA)
Koha item type Books
Holdings
Withdrawn status Lost status Damaged status Not for loan Home library Current library Date acquired Cost, normal purchase price Full call number Accession Number Price effective from Koha item type
        MACL MACL 09/03/2023 995.00 920/MIS CRE040273 09/03/2023 Books